|
|
|
|
| LEADER |
00998pam a22002418a 4500 |
| 001 |
00044447 |
| 005 |
20190729150735.0 |
| 008 |
110608s2003 ||||||viesd |
| 020 |
# |
# |
|c 24000
|
| 041 |
0 |
# |
|a vie
|
| 082 |
1 |
# |
|a 915.97
|b Đ301L
|
| 100 |
0 |
# |
|a Lê Thông
|e chủ biên
|
| 245 |
0 |
0 |
|a Địa lí các Tỉnh và Thành Phố Việt Nam
|c Lê Thông
|n T.1
|p Các tỉnh và thành phố đồng bằng sông Hồng
|
| 250 |
# |
# |
|a tái bản lần lần thứ 5
|
| 260 |
# |
# |
|a H.
|b Giáo Dục
|c 2006
|
| 300 |
# |
# |
|a 308tr.
|c 21cm.
|
| 653 |
# |
# |
|a Việt Nam
|
| 653 |
# |
# |
|a Địa lí
|
| 653 |
# |
# |
|a Địa lí hành chính
|
| 774 |
|
|
|a Lê Thông
|b Tái bản lần thứ 2
|d H.
|d Giáo Dục
|d 2003
|g T.2
|h 380tr.
|o KD.0009905
|t Các tỉnh vùng Đông Bắc
|w 23010
|z 23400
|
| 852 |
# |
# |
|j KD.0025279
|j KM.0031282
|j KM.0031283
|j KM.0031284
|j KM.0032839
|
| 910 |
# |
# |
|d 29/07/2019
|
| 980 |
# |
# |
|a Trung tâm Học liệu Lê Vũ Hùng, Trường Đại học Đồng Tháp
|